000 00413nam a2200157 a 4500
005 20140414093849.0
008 110718s19uu xx 00 eng d
020 _a978185651213
050 _aCDR 510
_bH318 2006-6
100 _aHarrison, Paul
245 _aAPEX maths :
_bword problems /
_cPaul Harrison.
260 _aLondon :
_bCambridge,
_c2006.
650 _aMathematics
942 _cAVM
999 _c109772
_d109772